000 00338nam a2200145Ia 4500
008 150301s2015 xx 000 0 und d
082 _a615.4
_bI15W
100 _aKAREN WHOLEN
245 _aLIPPINCOLT ILLUSTNAFED PHARMACOLOGY
250 _a6TH
260 _bWOLTER KLUMER
300 _a670
650 _aPHARMACOLOGY
942 _2ddc
_cBK
999 _c7246
_d7246